<?xml version="1.0" encoding="UTF-8"?>
<collection xmlns="http://www.loc.gov/MARC21/slim">
  <record>
    <leader>00000nam  2200000   4500</leader>
    <controlfield tag="001">INLIS000000000000705</controlfield>
    <controlfield tag="005">20180724135839</controlfield>
    <controlfield tag="008">180724|||||||||   |   |||   |||| ||   | </controlfield>
    <datafield tag="035" ind1=" " ind2=" ">
      <subfield code="0">010-0718000705</subfield>
    </datafield>
    <datafield tag="041" ind1=" " ind2=" ">
      <subfield code="a">id</subfield>
    </datafield>
    <datafield tag="082" ind1=" " ind2=" ">
      <subfield code="a">026</subfield>
    </datafield>
    <datafield tag="090" ind1=" " ind2=" ">
      <subfield code="a">R 026 PIM I 2015</subfield>
    </datafield>
    <datafield tag="100" ind1=" " ind2=" ">
      <subfield code="a">Fretes, de Jan</subfield>
    </datafield>
    <datafield tag="245" ind1=" " ind2=" ">
      <subfield code="a">"Sinergi Strategis Pemberantasan Sindikat Narkoba Internasional</subfield>
    </datafield>
    <datafield tag="260" ind1=" " ind2=" ">
      <subfield code="a">Jakarta</subfield>
      <subfield code="b">LAN Jakarta</subfield>
      <subfield code="c">2015</subfield>
    </datafield>
    <datafield tag="300" ind1=" " ind2=" ">
      <subfield code="a">25 hlm, lamp.</subfield>
    </datafield>
    <datafield tag="500" ind1=" " ind2=" ">
      <subfield code="a">Latar belakang penulisan ini adalah dalam rangka upaya pemberantasan peredaran narkoba dengan cara melakukan upaya pencegahan supply narkoba dari luar negeri khususnya Malaysia.  Kegiatan pencegahan yang dilakukan berupa kegiatan deteksi dini, yaitu dengan menempatkan perwakilan/SLO BNN di luar negeri.  Upaya tersebut lebih efektif karena perwakilan/SLO dapat dengan leluasa melakukan koordinasi dengan stakeholder negara setempat.  Sehingga supply narkoba ke dalam negara kita dapat dapat diminimalisir dan upaya pemberantasan dalam negeri lebih efisien.  Dengan demikian maka akan berdampak matinya pasar atau peredaran gelap narkoba, yang berujung menurunnya prevalensi.</subfield>
    </datafield>
    <datafield tag="650" ind1=" " ind2=" ">
      <subfield code="a">Narkoba</subfield>
    </datafield>
  </record>
</collection>
